| 000 | 00617nam a2200205 a 4500 | ||
|---|---|---|---|
| 005 | 20220927063614.0 | ||
| 008 | 090508s2006 es r 000 0 spa d | ||
| 020 | _a8449318343 | ||
| 035 | _aUPN01000170331 | ||
| 049 | _aCG | ||
| 050 | 4 |
_aBT301 _bK4.4 |
|
| 100 | 1 |
_aKlausner, Joseph, _d1874-1958 |
|
| 245 | 1 | 0 |
_aJesús de Nazaret : _bsu vida, su época sus enseñanzas / _cJoseph Klausner ; tr. Jorge Piatigorsky. |
| 260 |
_aBarcelona, Esp. : _bPaidós, _c2006. |
||
| 300 | _a527 p. | ||
| 440 | 0 |
_aSurcos ; _v18 |
|
| 534 |
_pTítulo original: _tJesus of Nazareth |
||
| 600 | 0 | 0 |
_aJesucristo _915657 |
| 905 | _aLibro | ||
| 999 |
_c142436 _d142436 |
||